|
|
|
|
| LEADER |
00000nab a2200000 a 4500 |
| 001 |
vtls008956135 |
| 003 |
SK-MaSNL |
| 005 |
20260304145730.0 |
| 008 |
250505c2006 xo |||||| ab ||00 b|slo |
| 015 |
|
|
|a SNBRB2007/03
|2 snkbucl
|
| 035 |
|
|
|a (uuid)70d33b38-e8b7-4aab-bc34-62376c9f54c4
|
| 035 |
|
|
|a urn:nbn:sk:snk-abzpf
|
| 035 |
|
|
|a (urnnbn)urn:nbn:sk:snk:ar-a03y1c
|
| 038 |
|
|
|a SNKBUCL
|
| 040 |
|
|
|a SNKBUCL
|b slo
|c SNKBUCL
|e AACR2
|
| 041 |
0 |
|
|a slo
|b ger
|
| 044 |
|
|
|a xo
|c SK
|
| 080 |
|
|
|a 904
|x (437.6)
|x "16/18"
|2 1997
|
| 080 |
|
|
|a 902.2
|x (437.6)
|2 1997
|
| 100 |
1 |
|
|a Malček, Róbert,
|d 1969-
|4 aut
|9 11765
|
| 245 |
1 |
0 |
|a Záchranný výskum v Šali
|c Róbert Malček - Klaudia Vajdíková
|
| 300 |
|
|
|b Mp., obr.
|
| 504 |
|
|
|a Literatúra
|
| 546 |
|
|
|a Res. nem.
|
| 650 |
0 |
7 |
|a záchranné archeologické výskumy
|2 snkbucl
|9 31219
|
| 650 |
0 |
7 |
|a archeologické výskumy
|2 snkbucl
|9 74796
|
| 650 |
0 |
7 |
|a novovek
|2 snkbucl
|9 4260
|
| 650 |
0 |
7 |
|a sídliská (archeológia)
|2 snkbucl
|9 67918
|
| 651 |
|
7 |
|a Šaľa (Slovensko)
|2 snkbucl
|9 27574
|
| 700 |
1 |
|
|a Vajdíková, Klaudia
|4 aut
|9 19909
|
| 773 |
0 |
|
|t Archeologické výskumy a nálezy na Slovensku v roku 2004
|d Nitra : Archeologický ústav SAV, 2006
|g S. 144
|x 0231-925X
|z 808870992X
|
| 850 |
|
|
|a Slovenská národná knižnica
|
| 852 |
|
|
|a Slovenská národná knižnica
|
| 954 |
|
|
|a odborná, vedecká literatúra pôvodná (slovenská)
|2 lita
|
| 958 |
|
|
|a article2022
|
| 958 |
|
|
|a NB
|
| 958 |
|
|
|a SK
|
| 958 |
|
|
|a OND
|
| 958 |
|
|
|a EUIPO
|
| 999 |
|
|
|c 2936629
|d 2938559
|